LEADER 01143nam a2200277 4500 001 000000334146 003 CaOOAMICUS 005 20190823151529.0 008 190618s2007 it 000 u ita r 020 $a978-88-215-4843-7 040 $aSeMil$bita 100 1 $aRisé, Claudio,$d<1939- >.$0(OLS)http://semarc/name/4854 245 13$aIl padre :$bl'assente inaccettabile /$cClaudio Risé. 250 $a6. ed. 264 1$aCinisello Balsamo :$bSan Paolo,$c2007. 300 $a164 p. ;$c21 cm 490 1 $aProblemi sociali d'oggi [San Paolo] ;$v8 650 4$aPaternità - Psicologia.$0(OLS)http://semarc/subject/21022 830 0$aProblemi sociali d'oggi ;$v8.$0(OLS)http://semarc/title/11501 850 $aSeMil 852 $aSeMil$W1$xVenegono$y1$m2O III 498$j216569$B226348$CSeMilBibl$Z2$F226348 $81 961 $aConti don Ermenegildo - Omaggio 996 $6020$a978-88-215-4843-7$9(OLS)http://semarc/number/287614 996 $6245$aIl padre :$bl'assente inaccettabile$9(OLS)http://semarc/title/423781 996 $6264$aCinisello Balsamo :$bSan Paolo$9(OLS)http://semarc/publisher/30129 LEADER 01653nam a2200277 i 4500 001 000000229630 003 CaOOAMICUS 005 20140514000000.0 008 140514s1984 it u000 u ita u 013 $a208532 040 $aSeMil$bita 100 1 $aHollenweger, Walter J. <1927-2016>.$0(OLS)http://semarc/name/90092 240 10$aKonflikt in Korinth ; Memoiren eines alten Mannes.$0(OLS)http://semarc/title/409727 245 10$aConflitto a Corinto (1. Corinzi 12-14) ; Ricordi di un anziano (Ezechiele 37) ; Esperienze ad Efeso. Racconti di uno scampato (Genesi 8,15-22 ; Giovanni 6,1-15 ; Apocalisse 21,1-6) :$bsaggi di interpretazone narrativa della Bibbia /$cWalter J. Hollenweger. 260 $aTorino :$bClaudiana,$c1984. 300 $a154 p. ;$c21 cm. 490 0 $aPiccola collana moderna ;$v46 490 0 $aPiccola collana moderna. Serie biblica 650 4$aBibbia - Interpretazione.$0(OLS)http://semarc/subject/1295 650 4$aBibbia - Analisi narrativa e linguistica.$0(OLS)http://semarc/subject/4851 830 0$aPiccola collana moderna ;$v46.$0(OLS)http://semarc/title/7078 830 0$aPiccola collana moderna. Serie biblica.$0(OLS)http://semarc/title/40540 850 $aSeMil 852 $aSeMil$W1$xVenegono$y1$m2Z I 241$j179976$B179976$CSeMilBibl$Z2$F191086 $81 996 $6245$aConflitto a Corinto (1. Corinzi 12-14) ; Ricordi di un anziano (Ezechiele 37) ; Esperienze ad Efeso. Racconti di uno scampato (Genesi 8,15-22 ; Giovanni 6,1-15 ; Apocalisse 21,1-6) :$bsaggi di interpretazone narrativa della Bibbia$9(OLS)http://semarc/title/328393 996 $6260$aTorino :$bClaudiana$9(OLS)http://semarc/publisher/29837 LEADER 00664naa a2200145 i 4500 001 000000325758 003 CaOOAMICUS 005 20180831173508.0 008 180831n it u000 u ita u 013 $a36828 040 $aSeMil$bita 245 12$aL'equivoco della religione. Note sul pensiero di Marco Maria Olivetti (1943-2006) 650 4$aOlivetti, Marco Maria <1943-2006>.$0(OLS)http://semarc/subject/44468 773 0 $tReligioni nello spazio pubblico.$dRoma : Aracne, 2015.$kPercorsi di etica. Colloqui$z978-88-548-8597-4$gp.177-186$w()247073 996 $6245$aL'equivoco della religione. Note sul pensiero di Marco Maria Olivetti (1943-2006)$9(OLS)http://semarc/title/398898